Top 10 films annees 90 - Statistiques

Statistiques générales
  • Ce quiz a été pris 95 fois
  • Le résultat moyen est 4 sur 10
Statistiques - réponses
Hint Réponse % Correct
5 forrest gump
64%
1 Pulp fiction
63%
2 fight club
50%
8 jurassic park
45%
10 les evades
40%
3 seven
40%
4 les affranchis
26%
6 matrix
26%
9 le silence des agneaux
23%
7 reservoir dogs
21%
Aucun quiz correspondant
Distribution des résultats
% des personnes avec chaque résultat
Percentile par nombre de réponses
Votre historique - résultats
Vous n’avez pas pris ce quiz